Welcome to WEB OPAC of MRSPTU Central Library

Cubist Modernism: The Architecture of Sangeet Sharma - Selected Works (Record no. 11334)

MARC details
000 -LEADER
fixed length control field 00573nam a22002177a 4500
003 - CONTROL NUMBER IDENTIFIER
control field OSt
005 - DATE AND TIME OF LATEST TRANSACTION
control field 20260407122538.0
008 - FIXED-LENGTH DATA ELEMENTS--GENERAL INFORMATION
fixed length control field 260407b |||||||| |||| 00| 0 eng d
020 ## - INTERNATIONAL STANDARD BOOK NUMBER
International Standard Book Number 978-81-929656-2-8
040 ## - CATALOGING SOURCE
Transcribing agency MRSPTU
041 ## - LANGUAGE CODE
Language code of text/sound track or separate title ENG.
082 ## - DEWEY DECIMAL CLASSIFICATION NUMBER
Classification number 720.954
Item number PI-C
100 ## - MAIN ENTRY--PERSONAL NAME
Personal name Pinge, Roopa Sabnis
245 ## - TITLE STATEMENT
Title Cubist Modernism: The Architecture of Sangeet Sharma - Selected Works
250 ## - EDITION STATEMENT
Edition statement Ed. Ist
260 ## - PUBLICATION, DISTRIBUTION, ETC.
Place of publication, distribution, etc. Ahmedabad,
Name of publisher, distributor, etc. Akar Info - Media Pvt. Ltd.,
Date of publication, distribution, etc. 2025
300 ## - PHYSICAL DESCRIPTION
Extent 358
365 ## - TRADE PRICE
Price amount 3,000
Currency code Rs.
650 ## - SUBJECT ADDED ENTRY--TOPICAL TERM
Topical term or geographic name entry element Architecture
942 ## - ADDED ENTRY ELEMENTS (KOHA)
Source of classification or shelving scheme Dewey Decimal Classification
Koha item type Book
Suppress in OPAC No
Holdings
Withdrawn status Lost status Source of classification or shelving scheme Damaged status Not for loan Home library Current library Date acquired Total checkouts Full call number Barcode Date last seen Price effective from Koha item type
    Dewey Decimal Classification     MRSPTU Central Library MRSPTU Central Library 04/07/2026   720.954 PI-C 42029 04/07/2026 04/07/2026 Book

Website Designed and Developed by MRSPTU Central Library Team

E-mail Id: librarian@mrsptu.ac.in